[Event "24th Grunwald Cup"]
[Site "Hotel Start-Dadaj Ramsowo"]
[Date "2009.09.19"]
[Round "1.1"]
[White "Dukaczewski, Piotr"]
[Black "Boese, Artur"]
[Result "1-0"]
[WhiteElo "2285"]
[BlackElo "1935"]
[PlyCount "49"]
[EventDate "2009.09.19"]
[EventType "swiss"]
[EventRounds "9"]
[EventCountry "POL"]

1. c4 g6 2. Nc3 Bg7 3. g3 e5 4. Bg2 f5 5. d3 Nf6 6. e3 O-O 7. Nge2 d6 8. O-O
Nc6 9. Rb1 g5 10. b4 a6 11. b5 axb5 12. cxb5 Ne7 13. f4 h6 14. e4 gxf4 15. gxf4
fxe4 16. fxe5 dxe5 17. Nxe4 Nxe4 18. Bxe4 Rxf1+ 19. Qxf1 Rxa2 20. Bb2 Nd5 21.
Kh1 Ne3 22. Qf3 Qg5 23. Bd5+ Nxd5 24. Qxd5+ Kh8 25. Qxa2 1-0

[Event "24th Grunwald Cup"]
[Site "Hotel Start-Dadaj Ramsowo"]
[Date "2009.09.19"]
[Round "1.2"]
[White "Stankiewicz, Edward"]
[Black "Gunajew, Rafal"]
[Result "0-1"]
[WhiteElo "1921"]
[BlackElo "2261"]
[PlyCount "50"]
[EventDate "2009.09.19"]
[EventType "swiss"]
[EventRounds "9"]
[EventCountry "POL"]

1. Nf3 d5 2. g3 c5 3. Bg2 Nc6 4. O-O g6 5. d3 Bg7 6. e4 Bg4 7. h3 dxe4 8. dxe4
Qxd1 9. Rxd1 Bxf3 10. Bxf3 Nd4 11. Bg4 Nxc2 12. Bd7+ Kf8 13. Ba4 Nxa1 14. Nc3
Bxc3 15. bxc3 Kg7 16. c4 Nf6 17. e5 Ne4 18. Bb2 Rhd8 19. e6+ f6 20. Bxa1 Rxd1+
21. Bxd1 Rd8 22. Bf3 Ng5 23. Bd5 Nxe6 24. Bc3 Rxd5 25. cxd5 Nc7 0-1

[Event "24th Grunwald Cup"]
[Site "Hotel Start-Dadaj Ramsowo"]
[Date "2009.09.19"]
[Round "1.3"]
[White "Zoltek, Tadeusz"]
[Black "Traczyk, Tadeusz"]
[Result "1-0"]
[WhiteElo "2214"]
[BlackElo "1918"]
[PlyCount "45"]
[EventDate "2009.09.19"]
[EventType "swiss"]
[EventRounds "9"]
[EventCountry "POL"]

1. c4 e5 2. Nc3 Nf6 3. Nf3 Nc6 4. g3 Bc5 5. Bg2 e4 6. Nh4 g5 7. Nf5 d5 8. cxd5
Bxf5 9. dxc6 bxc6 10. O-O O-O 11. d3 exd3 12. Bxg5 dxe2 13. Qxe2 Bd3 14. Qf3
Bd4 15. Rfd1 Bg6 16. Rxd4 Qxd4 17. Bxf6 Qb4 18. Qe3 Rfe8 19. Qh6 Qf8 20. Qxf8+
Rxf8 21. Bxc6 Rab8 22. b3 Rb6 23. Nd5 1-0

[Event "24th Grunwald Cup"]
[Site "Hotel Start-Dadaj Ramsowo"]
[Date "2009.09.19"]
[Round "1.4"]
[White "Kardasz, Wladyslaw"]
[Black "Stachanczyk, Jacek"]
[Result "0-1"]
[WhiteElo "1917"]
[BlackElo "2212"]
[PlyCount "68"]
[EventDate "2009.09.19"]
[EventType "swiss"]
[EventRounds "9"]
[EventCountry "POL"]

1. e4 Nf6 2. Nc3 e5 3. f4 d5 4. fxe5 Nxe4 5. Nf3 Nc6 6. d3 Nxc3 7. bxc3 d4 8.
cxd4 Nxd4 9. c3 Nxf3+ 10. Qxf3 c5 11. Be2 Be7 12. O-O O-O 13. Be3 Qa5 14. Rfc1
Rb8 15. d4 cxd4 16. cxd4 Be6 17. Bc4 Ba3 18. Rc2 Rbc8 19. Qe2 Bf5 20. Bd3 Rxc2
21. Bxc2 Qc3 22. Bxf5 Qxa1+ 23. Kf2 Rd8 24. Qc4 Qb2+ 25. Kf3 Be7 26. e6 Rf8 27.
Kg3 Qa3 28. exf7+ Rxf7 29. Qc8+ Rf8 30. Qe6+ Kh8 31. Bc2 Bg5 32. Bb3 Bxe3 33.
Qxe3 a5 34. Kg4 a4 0-1

[Event "24th Grunwald Cup"]
[Site "Hotel Start-Dadaj Ramsowo"]
[Date "2009.09.19"]
[Round "1.5"]
[White "Suder, Ryszard"]
[Black "Hornik, Bronislaw"]
[Result "1-0"]
[WhiteElo "2163"]
[BlackElo "1900"]
[PlyCount "85"]
[EventDate "2009.09.19"]
[EventType "swiss"]
[EventRounds "9"]
[EventCountry "POL"]

1. Nf3 e6 2. g3 Nf6 3. Bg2 Be7 4. O-O O-O 5. c4 d5 6. d4 c5 7. cxd5 exd5 8. Nc3
Bg4 9. Bg5 Nc6 10. dxc5 Bxc5 11. Bxf6 Qxf6 12. Qxd5 Bb4 13. Rac1 Rad8 14. Qb5
Bxc3 15. Rxc3 Rd7 16. Qa4 Bxf3 17. Bxf3 Rd2 18. Rd1 Rxb2 19. Qa3 Rb5 20. Bxc6
bxc6 21. Rdc1 Qe5 22. Rxc6 Ra5 23. Qb4 Rb5 24. Qc4 h6 25. e3 Rb2 26. Ra6 Qf5
27. Qf4 Qd7 28. Qd4 Rb7 29. Qxd7 Rxd7 30. Rc4 Rb8 31. Rca4 Rbb7 32. Kf1 Rb1+ (
32... g6 33. g4 Kg7 34. h4 g5 35. h5 $5 (35. hxg5 $6)) (32... h5 {i g6}) 33.
Kg2 Rbb7 34. g4 Kh7 35. h4 f6 36. Kg3 Rb2 37. Rxa7 Rdd2 38. Rf4 Rxa2 39. Re7
Ra6 40. Rf5 Kg8 41. Rc5 Raa2 42. Rcc7 g5 43. Rc8+ 1-0

[Event "24th Grunwald Cup"]
[Site "Hotel Start-Dadaj Ramsowo"]
[Date "2009.09.19"]
[Round "1.6"]
[White "Rutkowski, Eugeniusz"]
[Black "Chojnowski, Marcin"]
[Result "0-1"]
[WhiteElo "1890"]
[BlackElo "2114"]
[PlyCount "66"]
[EventDate "2009.09.19"]
[EventType "swiss"]
[EventRounds "9"]
[EventCountry "POL"]

1. d4 Nf6 2. c4 g6 3. Nc3 Bg7 4. e4 d6 5. f4 O-O 6. Be2 c5 7. d5 e6 8. Nf3 exd5
9. cxd5 Re8 10. Nd2 a6 11. a4 Nbd7 12. O-O Rb8 13. a5 Qc7 14. Bf3 b5 15. axb6
Rxb6 16. Kh1 Rb4 17. g3 a5 18. Ra3 Nb6 19. Qc2 Bh3 20. Re1 Nbxd5 21. e5 Nxc3
22. bxc3 Rbb8 23. Nc4 dxe5 24. fxe5 Ng4 25. e6 fxe6 26. Nxa5 Qf7 27. c4 Bd4 28.
Re2 Rf8 29. Bf4 Rb2 30. Qxb2 Bxb2 31. Rxb2 Qf6 32. Re2 g5 33. Rxe6 Qb2 0-1

[Event "24th Grunwald Cup"]
[Site "Hotel Start-Dadaj Ramsowo"]
[Date "2009.09.19"]
[Round "1.7"]
[White "Falkowski, Dawid"]
[Black "Kulik, Roman"]
[Result "1-0"]
[WhiteElo "2086"]
[BlackElo "1879"]
[PlyCount "37"]
[EventDate "2009.09.19"]
[EventType "swiss"]
[EventRounds "9"]
[EventCountry "POL"]

1. e4 d5 2. exd5 Nf6 3. Bb5+ Bd7 4. Be2 Nxd5 5. d4 Nf6 6. c4 e6 7. Nf3 Bb4+ 8.
Nc3 O-O 9. O-O Be7 10. a3 Bc8 11. b4 Nbd7 12. Bf4 b6 13. Nb5 Bd6 14. Nxd6 cxd6
15. Bxd6 Re8 16. Ne5 Bb7 17. Bf3 Bxf3 18. Qxf3 Rc8 19. Nc6 1-0

[Event "24th Grunwald Cup"]
[Site "Hotel Start-Dadaj Ramsowo"]
[Date "2009.09.19"]
[Round "1.8"]
[White "Rutkowski, Bogdan"]
[Black "Pawelec, Bartosz"]
[Result "1/2-1/2"]
[WhiteElo "1875"]
[BlackElo "2040"]
[PlyCount "68"]
[EventDate "2009.09.19"]
[EventType "swiss"]
[EventRounds "9"]
[EventCountry "POL"]

1. e4 c6 2. d4 d5 3. Nc3 dxe4 4. Nxe4 Nf6 5. Ng3 h5 6. h4 Bg4 7. Be2 Nbd7 8.
Nf3 Qc7 9. c3 e6 10. Bg5 Bd6 11. Nf1 Ne4 12. Be3 Ndf6 13. N1d2 Bf5 14. Nc4 Ng4
15. Nxd6+ Qxd6 16. Qc1 f6 17. Bf4 e5 18. dxe5 fxe5 19. Be3 Nc5 20. O-O Ne6 21.
Rd1 Qc7 22. Ng5 e4 23. Bxg4 Bxg4 24. Nxe6 Bxe6 25. Bf4 Qf7 26. a3 O-O 27. Bg3
Bc4 28. Qe3 Qf5 29. Rd4 Bd3 30. f3 c5 31. Ra4 c4 32. fxe4 Qd7 33. Rxa7 Rxa7 34.
Qxa7 Bxe4 1/2-1/2

[Event "24th Grunwald Cup"]
[Site "Hotel Start-Dadaj Ramsowo"]
[Date "2009.09.19"]
[Round "1.9"]
[White "Wojcieszyn, Zdzislaw"]
[Black "Hagner, Pawel"]
[Result "0-1"]
[WhiteElo "2039"]
[BlackElo "1865"]
[PlyCount "58"]
[EventDate "2009.09.19"]
[EventType "swiss"]
[EventRounds "9"]
[EventCountry "POL"]

1. c4 g6 2. Nc3 Bg7 3. d4 Nf6 4. e4 d6 5. Nf3 O-O 6. h3 e5 7. Bg5 exd4 8. Nxd4
h6 9. Be3 Nbd7 10. Qd2 Kh7 11. O-O-O Nc5 12. f3 a6 13. g4 Ne6 14. Nde2 Bd7 15.
Ng3 b5 16. f4 bxc4 17. Bxc4 Qe8 18. e5 Ng8 19. exd6 cxd6 20. Qxd6 Bc6 21. Rhe1
Bf3 22. Bxe6 fxe6 23. Rd3 Qf7 24. Nge4 Rfd8 25. Qxd8 Bxe4 26. Qxg8+ Kxg8 27.
Nxe4 Bxb2+ 28. Kc2 Bg7 29. Bd2 Qc7+ 0-1

[Event "24th Grunwald Cup"]
[Site "Hotel Start-Dadaj Ramsowo"]
[Date "2009.09.19"]
[Round "1.10"]
[White "Wyrzykowski, Jozef"]
[Black "Bakalarczyk, Wlodzimierz"]
[Result "1/2-1/2"]
[WhiteElo "1786"]
[BlackElo "2038"]
[PlyCount "89"]
[EventDate "2009.09.19"]
[EventType "swiss"]
[EventRounds "9"]
[EventCountry "POL"]

1. e4 c5 2. d4 cxd4 3. Qxd4 Nc6 4. Qd1 Nf6 5. Nc3 e6 6. a3 Be7 7. Nf3 Qc7 8. g3
a6 9. Bg2 O-O 10. O-O d6 11. Nd4 Bd7 12. Nce2 Rac8 13. c3 Rfd8 14. Nxc6 bxc6
15. Nd4 c5 16. Ne2 Bc6 17. Nf4 Nxe4 18. Re1 Qb7 19. Qe2 Ng5 20. Rd1 Nf3+ 21.
Kh1 e5 22. Rd3 e4 23. Re3 Bf6 24. Bxf3 exf3 25. Qc2 g6 26. h4 d5 27. Nd3 Qd7
28. Kh2 Qd6 29. Rxf3 d4 30. Rf4 c4 31. Nb4 Ba8 32. cxd4 a5 33. Na2 Bxd4 34. Be3
Qd5 35. Rg1 Be5 36. Nc3 Qd3 37. Qa4 Bxf4 38. gxf4 Bf3 39. Qxa5 Ra8 40. Qg5 Be4
41. Rd1 Qxd1 42. Nxd1 Rxd1 43. Qf6 Rh1+ 44. Kg3 Rg1+ 45. Kh2 1/2-1/2

[Event "24th Grunwald Cup"]
[Site "Hotel Start-Dadaj Ramsowo"]
[Date "2009.09.19"]
[Round "1.11"]
[White "Zarow, Zdzislaw"]
[Black "Czajkowski, Adam"]
[Result "0-1"]
[WhiteElo "2016"]
[BlackElo "1711"]
[PlyCount "86"]
[EventDate "2009.09.19"]
[EventType "swiss"]
[EventRounds "9"]
[EventCountry "POL"]

1. e4 c5 2. Bc4 e6 3. Nc3 Ne7 4. Nf3 d5 5. exd5 exd5 6. Bb5+ Nbc6 7. Qe2 Be6 8.
d4 Nf5 9. Be3 a6 10. Bxc6+ bxc6 11. O-O cxd4 12. Bxd4 Be7 13. Be5 O-O 14. Rad1
Bf6 15. Rfe1 Bxe5 16. Nxe5 Re8 17. b3 Bd7 18. Qf3 Qe7 19. h3 Nh4 20. Qg3 Nf5
21. Qf4 Qd6 22. g4 f6 23. Nd3 Rxe1+ 24. Rxe1 Qxf4 25. Nxf4 Nd4 26. Re7 Rd8 27.
Nh5 Ne6 28. g5 fxg5 29. Ng3 Kf8 30. Nf5 g6 31. Rxh7 gxf5 32. Na4 Ng7 33. Nb6
Kg8 34. Rh6 Be8 35. h4 gxh4 36. Rxh4 Rd6 37. Ra4 c5 38. Rxa6 Kh7 39. a4 Bh5 40.
c3 Be2 41. c4 dxc4 42. a5 c3 43. Ra7 c2 0-1

[Event "24th Grunwald Cup"]
[Site "Hotel Start-Dadaj Ramsowo"]
[Date "2009.09.19"]
[Round "1.12"]
[White "Renkowski, Piotr"]
[Black "Stolarczyk, Anna"]
[Result "0-1"]
[WhiteElo "1691"]
[BlackElo "2006"]
[PlyCount "96"]
[EventDate "2009.09.19"]
[EventType "swiss"]
[EventRounds "9"]
[EventCountry "POL"]

1. e4 b6 2. Bc4 Bb7 3. d3 e6 4. Nc3 Nf6 5. Bg5 Be7 6. Qe2 Nxe4 7. Bxe7 Nxc3 8.
Qe5 Qxe7 9. Qxc3 O-O 10. f3 c5 11. d4 cxd4 12. Qxd4 Qb4+ 13. Qc3 Qxc3+ 14. bxc3
Rc8 15. Bd3 Rxc3 16. Ne2 Rc7 17. Kf2 Nc6 18. f4 Nb4 19. Nd4 Nxd3+ 20. cxd3 Rac8
21. Rhd1 a6 22. Rd2 d6 23. Re1 Rc5 24. g3 Kf8 25. Ree2 b5 26. g4 Bd5 27. h3 b4
28. Rb2 a5 29. Red2 g6 30. Ke3 e5 31. Ne2 Bg2 32. Ng1 exf4+ 33. Kxf4 Bd5 34.
Ne2 Re8 35. Nd4 h6 36. h4 Re1 37. Nc2 g5+ 38. hxg5 hxg5+ 39. Kg3 Rg1+ 40. Kh3
Kg7 41. Ne3 Be6 42. Re2 Rcc1 43. Rbd2 Kg6 44. d4 Rh1+ 45. Kg3 Rcg1+ 46. Rg2 f5
47. Kf2 f4 48. Nc2 Rf1+ 0-1

[Event "24th Grunwald Cup"]
[Site "Hotel Start-Dadaj Ramsowo"]
[Date "2009.09.19"]
[Round "1.13"]
[White "Staruch, Roman"]
[Black "Poswiatowski, Stanislaw"]
[Result "1-0"]
[WhiteElo "1987"]
[BlackElo "1674"]
[PlyCount "45"]
[EventDate "2009.09.19"]
[EventType "swiss"]
[EventRounds "9"]
[EventCountry "POL"]

1. e4 e6 2. d4 d5 3. e5 c5 4. c3 Nc6 5. Nf3 cxd4 6. cxd4 Qb6 7. Nc3 Bd7 8. Bd3
Nxd4 9. Nxd4 Qxd4 10. O-O Qb6 11. a4 a6 12. a5 Qd8 13. Be3 Rc8 14. Bb6 Qh4 15.
Rc1 Be7 16. Ne2 Rxc1 17. Qxc1 Bd8 18. Qc3 Nh6 19. g3 Qh3 20. Nf4 Qg4 21. Bxd8
Kxd8 22. Rc1 Bc6 23. Bxa6 1-0

[Event "24th Grunwald Cup"]
[Site "Hotel Start-Dadaj Ramsowo"]
[Date "2009.09.20"]
[Round "2.1"]
[White "Stolarczyk, Anna"]
[Black "Dukaczewski, Piotr"]
[Result "0-1"]
[WhiteElo "2006"]
[BlackElo "2285"]
[PlyCount "88"]
[EventDate "2009.09.19"]
[EventType "swiss"]
[EventRounds "9"]
[EventCountry "POL"]

1. d4 Nf6 2. Nf3 g6 3. g3 Bg7 4. Bg2 O-O 5. c4 d6 6. O-O Nc6 7. d5 Na5 8. Na3
c5 9. Re1 a6 10. e4 Rb8 11. Qe2 e6 12. e5 dxe5 13. Qxe5 Nxd5 14. Qxb8 Nc6 15.
Qxc8 Qxc8 16. cxd5 exd5 17. Nc2 b5 18. Ne3 Rd8 19. Ng5 d4 20. Nd5 d3 21. Rb1 h6
22. Nh3 Kh7 23. Nhf4 c4 24. Be3 Nd4 25. b3 g5 26. Nh5 Nc2 27. Nxg7 Kxg7 28. Bd2
Rxd5 29. Bxd5 Nxe1 30. Bc3+ Kg6 31. bxc4 Nc2 32. Be4+ f5 33. Bxd3 Na3 34. Rd1
bxc4 35. Bf1 Nb5 36. Bb4 c3 37. Bd3 g4 38. Bc2 Qc4 39. Rb1 Qxa2 40. Bd3 c2 41.
Rc1 Qb3 42. Rxc2 Qxd3 43. Rc6+ Kf7 44. Rxa6 Qb1+ 0-1

[Event "24th Grunwald Cup"]
[Site "Hotel Start-Dadaj Ramsowo"]
[Date "2009.09.20"]
[Round "2.2"]
[White "Gunajew, Rafal"]
[Black "Staruch, Roman"]
[Result "1-0"]
[WhiteElo "2261"]
[BlackElo "1987"]
[PlyCount "83"]
[EventDate "2009.09.19"]
[EventType "swiss"]
[EventRounds "9"]
[EventCountry "POL"]

1. Nf3 Nf6 2. g3 d5 3. Bg2 c5 4. O-O Nc6 5. d3 e5 6. c3 Be7 7. Nbd2 O-O 8. e4
d4 9. cxd4 cxd4 10. Ne1 Bg4 11. f3 Bd7 12. h3 Rc8 13. f4 Qc7 14. Nc4 b5 15.
Nxe5 Nxe5 16. fxe5 Qxe5 17. Bf4 Qe6 18. a3 a5 19. Kh1 b4 20. axb4 axb4 21. Nf3
Bc5 22. Ng5 Qb6 23. e5 Ne8 24. Rc1 Bc6 25. Ne4 Bd5 26. Qh5 f5 27. exf6 Bxe4 28.
f7+ Rxf7 29. Bxe4 Nf6 30. Bxh7+ Nxh7 31. Qxf7+ Kxf7 32. Bc7+ Qf6 33. Rxf6+ Nxf6
34. Rxc5 b3 35. Bb6 Re8 36. Rc7+ Kg6 37. Bxd4 Re1+ 38. Kg2 Nd5 39. Rxg7+ Kh6
40. Rb7 Ne3+ 41. Bxe3+ Rxe3 42. Rxb3 1-0

[Event "24th Grunwald Cup"]
[Site "Hotel Start-Dadaj Ramsowo"]
[Date "2009.09.20"]
[Round "2.3"]
[White "Misiejuk, Zdzislaw"]
[Black "Zoltek, Tadeusz"]
[Result "1/2-1/2"]
[WhiteElo "1982"]
[BlackElo "2214"]
[PlyCount "85"]
[EventDate "2009.09.19"]
[EventType "swiss"]
[EventRounds "9"]
[EventCountry "POL"]

1. e4 c5 2. c3 d5 3. Nf3 dxe4 4. Qa4+ Bd7 5. Qxe4 Nc6 6. d4 Nf6 7. Qd3 cxd4 8.
Nxd4 Nxd4 9. Qxd4 Bc6 10. Be3 Nd5 11. Na3 Nxe3 12. Qxe3 e6 13. Nc2 Qd5 14. Qh3
O-O-O 15. Nd4 Bc5 16. Be2 Bxd4 17. cxd4 Qxd4 18. O-O g6 19. Rfc1 Kb8 20. a4 f5
21. a5 a6 22. Qb3 Qd5 23. Qg3+ Qd6 24. Qc3 Bd5 25. b4 Rc8 26. Qd2 Rxc1+ 27.
Rxc1 Rc8 28. Rxc8+ Kxc8 29. b5 axb5 30. Bxb5 Kb8 31. Qb2 Qd8 32. a6 Qb6 33.
axb7 Kxb7 34. Qg7+ Qc7 35. Qb2 Qb6 36. Qg7+ Kb8 37. Qh8+ Ka7 38. Qxh7+ Bb7 39.
Qd7 e5 40. Bf1 e4 41. Qa4+ Kb8 42. Qe8+ Kc7 43. Qe7+ 1/2-1/2

[Event "24th Grunwald Cup"]
[Site "Hotel Start-Dadaj Ramsowo"]
[Date "2009.09.20"]
[Round "2.4"]
[White "Stachanczyk, Jacek"]
[Black "Siluk, Zygmunt"]
[Result "1-0"]
[WhiteElo "2212"]
[BlackElo "1973"]
[PlyCount "67"]
[EventDate "2009.09.19"]
[EventType "swiss"]
[EventRounds "9"]
[EventCountry "POL"]

1. e4 c5 2. Nf3 d6 3. d4 cxd4 4. Nxd4 Nf6 5. Nc3 a6 6. Bg5 e6 7. f4 Be7 8. Qf3
Qb6 9. O-O-O Nc6 10. Nxc6 Qxc6 11. e5 Qxf3 12. gxf3 dxe5 13. fxe5 Nh5 14. Be3
b5 15. a4 b4 16. Ne4 Bb7 17. Nd6+ Bxd6 18. Rxd6 O-O 19. Be2 Rfb8 20. a5 g6 21.
Rhd1 Ng7 22. Ba7 Re8 23. Bc5 Nf5 24. Rb6 Bd5 25. Rxb4 Rec8 26. Bf2 Rcb8 27.
Rxb8+ Rxb8 28. c4 Bc6 29. Bb6 Kf8 30. b4 Ke8 31. b5 axb5 32. cxb5 Bd5 33. Bc7
Ra8 34. a6 1-0

[Event "24th Grunwald Cup"]
[Site "Hotel Start-Dadaj Ramsowo"]
[Date "2009.09.20"]
[Round "2.5"]
[White "Sargalski, Andrzej"]
[Black "Suder, Ryszard"]
[Result "0-1"]
[WhiteElo "1954"]
[BlackElo "2163"]
[PlyCount "88"]
[EventDate "2009.09.19"]
[EventType "swiss"]
[EventRounds "9"]
[EventCountry "POL"]

1. e4 Nf6 2. e5 Nd5 3. c4 Nb6 4. d4 d6 5. exd6 cxd6 6. Nc3 g6 7. Nf3 Bg7 8. Be2
O-O 9. O-O Nc6 10. h3 Bf5 11. Be3 d5 12. cxd5 Nxd5 13. Nxd5 Qxd5 14. b3 Qd7 15.
Bb5 a6 16. Bxc6 Qxc6 17. Rc1 Qd6 18. Qd2 Rac8 19. Bh6 Rfd8 20. Bxg7 Kxg7 21.
Qe3 Be6 22. Rfe1 Rxc1 23. Rxc1 Bd5 24. Ne5 b5 25. Nd3 Ba8 26. Nc5 a5 27. a3 e6
28. Qe5+ Qxe5 29. dxe5 Rd5 30. f4 g5 31. fxg5 Rxe5 32. Rc2 Rxg5 33. Nd7 Rg3 34.
Nb6 Be4 35. Rb2 h5 36. Nc8 Bd5 37. Na7 b4 38. axb4 axb4 39. Nb5 Rxb3 40. Rxb3
Bxb3 41. Kf2 Bd5 42. g3 b3 43. Ke3 b2 44. Nc3 Ba2 0-1

[Event "24th Grunwald Cup"]
[Site "Hotel Start-Dadaj Ramsowo"]
[Date "2009.09.20"]
[Round "2.6"]
[White "Chojnowski, Marcin"]
[Black "Hagner, Pawel"]
[Result "1-0"]
[WhiteElo "2114"]
[BlackElo "1865"]
[PlyCount "81"]
[EventDate "2009.09.19"]
[EventType "swiss"]
[EventRounds "9"]
[EventCountry "POL"]

1. d4 g6 2. Nf3 Bg7 3. g3 Nf6 4. Bg2 O-O 5. O-O d6 6. c4 c5 7. Nc3 Nc6 8. d5
Na5 9. Qd3 a6 10. e4 Rb8 11. Re1 Bd7 12. e5 dxe5 13. Nxe5 b5 14. cxb5 axb5 15.
Nxd7 Qxd7 16. Bf4 c4 17. Qe2 Rbe8 18. Rad1 Nb7 19. a4 Nc5 20. axb5 Nd3 21. Rxd3
cxd3 22. Qxd3 e5 23. Rxe5 Rxe5 24. Bxe5 Re8 25. Bxf6 Bxf6 26. Bf3 Rb8 27. d6
Rd8 28. Ne4 Bxb2 29. Qc4 Rc8 30. Qb3 Bd4 31. Ng5 Rc3 32. Qd5 Rc1+ 33. Kg2 Bg7
34. Bg4 Rc5 35. Qa8+ Rc8 36. Qxc8+ Qxc8 37. Bxc8 Be5 38. d7 Bc7 39. Ne4 Kf8 40.
Nf6 h5 41. Nd5 1-0

[Event "24th Grunwald Cup"]
[Site "Hotel Start-Dadaj Ramsowo"]
[Date "2009.09.20"]
[Round "2.7"]
[White "Czajkowski, Adam"]
[Black "Falkowski, Dawid"]
[Result "0-1"]
[WhiteElo "1711"]
[BlackElo "2086"]
[PlyCount "34"]
[EventDate "2009.09.19"]
[EventType "swiss"]
[EventRounds "9"]
[EventCountry "POL"]

1. e4 e5 2. Nf3 Nc6 3. Bb5 Nge7 4. O-O g6 5. Nc3 Bg7 6. d3 O-O 7. Be3 d5 8.
exd5 Nd4 9. d6 Qxd6 10. Nd2 a6 11. Bc4 b5 12. Bb3 Bb7 13. Nde4 Qc6 14. f3 Rad8
15. Qd2 Nef5 16. Bg5 Rd7 17. Bd5 Qb6 0-1

[Event "24th Grunwald Cup"]
[Site "Hotel Start-Dadaj Ramsowo"]
[Date "2009.09.20"]
[Round "2.8"]
[White "Pawelec, Bartosz"]
[Black "Wyrzykowski, Jozef"]
[Result "1-0"]
[WhiteElo "2040"]
[BlackElo "1786"]
[PlyCount "69"]
[EventDate "2009.09.19"]
[EventType "swiss"]
[EventRounds "9"]
[EventCountry "POL"]

1. e4 e5 2. Nf3 Nc6 3. Bc4 Be7 4. d4 exd4 5. c3 d6 6. cxd4 Bg4 7. Be3 h6 8.
Nbd2 Bf6 9. Qa4 Nge7 10. d5 a6 11. dxc6 b5 12. Bxf7+ Kxf7 13. Qc2 Re8 14. Nd4
Kg8 15. a4 bxa4 16. Rxa4 Bh5 17. O-O Bf7 18. f4 Nd5 19. Re1 Nxe3 20. Rxe3 Qb8
21. Qc3 Qa7 22. N2f3 Bh5 23. Kh1 Bg6 24. f5 Bf7 25. Qa3 Reb8 26. e5 dxe5 27.
Nxe5 Bd5 28. Ndf3 Re8 29. Qd3 Bxf3 30. gxf3 Kh7 31. Rae4 Rad8 32. Nd7 Qa8 33.
Rxe8 Rxe8 34. Nxf6+ gxf6 35. Qd7+ 1-0

[Event "24th Grunwald Cup"]
[Site "Hotel Start-Dadaj Ramsowo"]
[Date "2009.09.20"]
[Round "2.9"]
[White "Bakalarczyk, Wlodzimierz"]
[Black "Rutkowski, Bogdan"]
[Result "1-0"]
[WhiteElo "2038"]
[BlackElo "1875"]
[PlyCount "51"]
[EventDate "2009.09.19"]
[EventType "swiss"]
[EventRounds "9"]
[EventCountry "POL"]

1. d4 d5 2. c4 dxc4 3. Nf3 Nf6 4. e3 b5 5. a4 c6 6. axb5 cxb5 7. b3 cxb3 8.
Bxb5+ Nbd7 9. Qxb3 e6 10. O-O Be7 11. Ne5 O-O 12. Nc6 Qe8 13. Nxe7+ Qxe7 14.
Ba3 Qd8 15. Bxf8 Kxf8 16. Qa3+ Kg8 17. Bc6 Rb8 18. Qxa7 Rb6 19. Bxd7 Bxd7 20.
Nd2 Bc6 21. Rfb1 Nd7 22. Rxb6 Nxb6 23. Rb1 Qd5 24. Nf3 Nd7 25. Rb8+ Nf8 26. Qe7
1-0

[Event "24th Grunwald Cup"]
[Site "Hotel Start-Dadaj Ramsowo"]
[Date "2009.09.20"]
[Round "2.10"]
[White "Rutkowski, Eugeniusz"]
[Black "Wojcieszyn, Zdzislaw"]
[Result "0-1"]
[WhiteElo "1890"]
[BlackElo "2039"]
[PlyCount "67"]
[EventDate "2009.09.19"]
[EventType "swiss"]
[EventRounds "9"]
[EventCountry "POL"]

1. d4 d5 2. c4 c6 3. e3 Nf6 4. Be2 Bf5 5. Nc3 e6 6. Qb3 Qb6 7. Qxb6 axb6 8. a3
dxc4 9. Bxc4 b5 10. Be2 b4 11. Nb1 b5 12. Nd2 Nbd7 13. Ngf3 Bd6 14. O-O h6 15.
Re1 O-O 16. Bf1 Bc2 17. e4 Be7 18. d5 exd5 19. exd5 Nxd5 20. Nd4 b3 21. Nxc6
Bf6 22. Bxb5 Rfc8 23. Ne7+ Nxe7 24. Bxd7 Rd8 25. Bb5 Rab8 26. a4 Nf5 27. Ne4
Bxe4 28. Rxe4 Rxb5 29. Bf4 Rbd5 30. Ree1 g5 31. Bc7 Rc8 32. Bb6 Bxb2 33. Rab1
Bc3 34. Rec1 0-1

[Event "24th Grunwald Cup"]
[Site "Hotel Start-Dadaj Ramsowo"]
[Date "2009.09.20"]
[Round "2.11"]
[White "Kulik, Roman"]
[Black "Zarow, Zdzislaw"]
[Result "0-1"]
[WhiteElo "1879"]
[BlackElo "2016"]
[PlyCount "70"]
[EventDate "2009.09.19"]
[EventType "swiss"]
[EventRounds "9"]
[EventCountry "POL"]

1. e4 e5 2. Nf3 Nc6 3. Nc3 Nf6 4. d3 d6 5. Be2 a6 6. a4 Be7 7. O-O Bd7 8. Bd2
O-O 9. b3 Nd4 10. Nxd4 exd4 11. Nb1 Ne8 12. Bf4 f5 13. exf5 Bxf5 14. Bg3 b6 $2
15. Nd2 Bf6 16. Bg4 Qd7 17. Bxf5 Qxf5 18. Ne4 Be5 19. Bxe5 dxe5 20. Qd2 Nd6 21.
Ng3 Qg4 22. Rae1 Rae8 23. Re2 Rf6 24. Rfe1 Rfe6 25. f3 Qh4 26. Ne4 Rh6 27. g3
Rg6 28. Rg2 Qh3 29. Nf2 Qf5 30. f4 Rf6 31. fxe5 Rxe5 32. Rxe5 Qxe5 33. Nh3 Nf5
34. Nf4 Ne3 35. Rf2 Rc6 0-1

[Event "24th Grunwald Cup"]
[Site "Hotel Start-Dadaj Ramsowo"]
[Date "2009.09.20"]
[Round "2.12"]
[White "Boese, Artur"]
[Black "Renkowski, Piotr"]
[Result "0-1"]
[WhiteElo "1935"]
[BlackElo "1691"]
[PlyCount "58"]
[EventDate "2009.09.19"]
[EventType "swiss"]
[EventRounds "9"]
[EventCountry "POL"]

1. Nf3 d5 2. g3 Nf6 3. Bg2 c6 4. O-O g6 5. d3 Bg7 6. Nc3 d4 7. Nb1 Be6 8. Bf4
Nd5 9. Be5 Bxe5 10. Nxe5 Nd7 11. Nf3 Qb6 12. Qc1 h5 13. Nbd2 c5 14. Nc4 Qc6 15.
e4 N5b6 16. Nfe5 Nxe5 17. Nxe5 Qd6 18. f4 h4 19. g4 h3 20. Bf3 g5 21. b3 gxf4
22. Qxf4 Nd7 23. Ng6 fxg6 24. Qg5 O-O-O 25. a4 Qe5 26. Qd2 Rh4 27. b4 Bxg4 28.
bxc5 Bxf3 29. Rxf3 Rg4+ 0-1

[Event "24th Grunwald Cup"]
[Site "Hotel Start-Dadaj Ramsowo"]
[Date "2009.09.20"]
[Round "2.13"]
[White "Poswiatowski, Stanislaw"]
[Black "Stankiewicz, Edward"]
[Result "1/2-1/2"]
[WhiteElo "1674"]
[BlackElo "1921"]
[PlyCount "66"]
[EventDate "2009.09.19"]
[EventType "swiss"]
[EventRounds "9"]
[EventCountry "POL"]

1. d4 Nf6 2. Nf3 g6 3. c3 d5 4. Bg5 Bg7 5. Nbd2 O-O 6. e3 Nbd7 7. Be2 c5 8. O-O
b6 9. Re1 Bb7 10. Rc1 Re8 11. h3 e5 12. Bb5 e4 13. Ne5 Nxe5 14. Bxe8 Nd3 15.
Bb5 Nxe1 16. Qxe1 a6 17. Be2 Qd7 18. c4 cxd4 19. exd4 h6 20. Be3 Qe6 21. cxd5
Nxd5 22. Bc4 Kh7 23. Bb3 f5 24. Nf1 Rc8 25. Qd2 Qd7 26. Rxc8 Qxc8 27. a3 b5 28.
Bxd5 Bxd5 29. Bf4 Qc6 30. Ne3 Bf8 31. h4 h5 32. Be5 Qe6 33. Qa5 Bc4 1/2-1/2

[Event "24th Grunwald Cup"]
[Site "Hotel Start-Dadaj Ramsowo"]
[Date "2009.09.21"]
[Round "3.1"]
[White "Dukaczewski, Piotr"]
[Black "Chojnowski, Marcin"]
[Result "1-0"]
[WhiteElo "2285"]
[BlackElo "2114"]
[PlyCount "72"]
[EventDate "2009.09.19"]
[EventType "swiss"]
[EventRounds "9"]
[EventCountry "POL"]

1. d4 Nf6 2. c4 g6 3. Nc3 Bg7 4. g3 O-O 5. Bg2 d6 6. Nf3 c6 7. O-O Qb6 8. Re1
Bg4 9. Rb1 Nfd7 10. e3 e5 11. Ne2 Bf5 12. Ra1 Na6 13. a3 Nc7 14. h3 a5 15. Nh4
Nf6 16. c5 dxc5 17. dxe5 Ne4 18. g4 Nxf2 19. Kxf2 Be6 20. Nf3 Rad8 21. Bd2 Qxb2
22. Rb1 Qxa3 23. Rxb7 Nb5 24. Qa1 a4 25. Qxa3 Nxa3 26. Rc1 Nc4 27. Bc3 a3 28.
Nf4 Rb8 29. Rxb8 Rxb8 30. Nxe6 fxe6 31. Ba1 Nb2 32. Bf1 Bf8 33. Nd2 Rb4 34. Nc4
Nxc4 35. Bxc4 Kf7 36. Ke2 Be7 1-0